书目信息 |
| 题名: |
档案保护学与科技档案管理工作
|
|
| 作者: | 李蕙名 , 王永莲 , 莫求 著 | |
| 分册: | ||
| 出版信息: | 沈阳 辽宁大学出版社有限责任公司 2021.05 |
|
| 页数: | 376页 | |
| 开本: | 24cm | |
| 丛书名: | ||
| 单 册: | ||
| 中图分类: | G273.3 , G275.3 | |
| 科图分类: | ||
| 主题词: | 档案保护 , 技术档案--档案管理 | |
| 电子资源: | ||
| ISBN: | 978-7-5698-0276-4 | |
| 000 | 01471nam0 2200289 450 | |
| 001 | 012001003385 | |
| 005 | 20141204152354.0 | |
| 010 | @a978-7-5698-0276-4@dCNY89.00 | |
| 100 | @a20220905d2020 em y0chiy50 ea | |
| 101 | 0 | @achi |
| 102 | @aCN@b210000 | |
| 105 | @aa z 000yy | |
| 106 | @ar | |
| 200 | 1 | @a档案保护学与科技档案管理工作@Adang an bao hu xue yu ke ji dang an guan li gong zuo@f李蕙名,王永莲,莫求著 |
| 210 | @a沈阳@c辽宁大学出版社有限责任公司@d2021.05@h2021印 | |
| 215 | @a376页@c图@d24cm | |
| 300 | @a2019年度江苏高校哲学社会科学研究一般项目:跨LAM(图档博)领域的资源组织与服务模式研究 2020年度无锡市哲学社会科学招标课题:“双一流”建设背景下无锡市高校图书馆智库型服务体系构建及运行机制研究 | |
| 330 | @a本书总共十六章,分为上、下两篇:上篇以档案保护为研究内容,包括档案纸张材料及其耐久性、档案字迹材料及其耐久性、声像档案的制成材料及其耐久性、档案库房温度和湿度的控制与调节、档案库房的防光及防有害气体与灰尘、档案有害生物的防治、档案库房建筑与设备、档案修复技术;下篇以科技档案管理为研究内容,包括科学技术档案、科技档案工作概述、监督和管理科技文件材料工作、科技档案收集工作、科技档案整理工作、科技档案鉴定工作、科技档案保管与统计工作、科技档案利用工作。 | |
| 606 | 0 | @a档案保护 |
| 606 | 0 | @a技术档案@x档案管理 |
| 690 | @aG273.3@v5 | |
| 690 | @aG275.3@v5 | |
| 701 | 0 | @a李蕙名@Ali hui ming@4著 |
| 701 | 0 | @a王永莲@Awang yong lian@4著 |
| 701 | 0 | @a莫求@Amo qiu@4著 |
| 801 | 0 | @aCN@bAHXH@c20221111 |
| 905 | @b1377714-6@dG273.3@e271@f3 | |
| 档案保护学与科技档案管理工作/李蕙名,王永莲,莫求著.-沈阳:辽宁大学出版社有限责任公司,2021.05(2021印) |
| 376页:图;24cm |
| 2019年度江苏高校哲学社会科学研究一般项目:跨LAM(图档博)领域的资源组织与服务模式研究 2020年度无锡市哲学社会科学招标课题:“双一流”建设背景下无锡市高校图书馆智库型服务体系构建及运行机制研究 |
| ISBN 978-7-5698-0276-4:CNY89.00 |
| 本书总共十六章,分为上、下两篇:上篇以档案保护为研究内容,包括档案纸张材料及其耐久性、档案字迹材料及其耐久性、声像档案的制成材料及其耐久性、档案库房温度和湿度的控制与调节、档案库房的防光及防有害气体与灰尘、档案有害生物的防治、档案库房建筑与设备、档案修复技术;下篇以科技档案管理为研究内容,包括科学技术档案、科技档案工作概述、监督和管理科技文件材料工作、科技档案收集工作、科技档案整理工作、科技档案鉴定工作、科技档案保管与统计工作、科技档案利用工作。 |
| ● |
| 相关链接 |
|
|
|
|
正题名:档案保护学与科技档案管理工作
索取号:G273.3/271
 
预约/预借
| 序号 | 登录号 | 条形码 | 馆藏地/架位号 | 状态 | 备注 |
| 1 | 1377714 | 213777144 | 第一样本阅览室/ [索取号:G273.3/271] | 在馆 | |
| 2 | 1377715 | 213777153 | 第四借阅区/ [索取号:G273.3/271] | 在馆 | |
| 3 | 1377716 | 213777162 | 第四借阅区/ [索取号:G273.3/271] | 在馆 |